Zhodnotenie finančnej výkonnosti konkrétneho podniku bakalárska práca

Guardado en:
Detalles Bibliográficos
Autor principal: Šároššyová, Milada
Autor Corporativo: Podnikovohospodárska fakulta EU so sídlom v Košiciach. Katedra ekonómie
Otros Autores: Freňáková, Magdaléna, 1981-
Formato: Libro
Lenguaje:eslovaco
Publicado: Košice 2023
Etiquetas: Agregar Etiqueta
Sin Etiquetas, Sea el primero en etiquetar este registro!

MARC

LEADER 00000nbm a2200000 4500
001 0294390
005 20240827093411.9
041 0 |a slo 
044 |a SK 
245 1 0 |a Zhodnotenie finančnej výkonnosti konkrétneho podniku  |b bakalárska práca  |c Milada Šároššyová ; školiteľ: Magdaléna Freňáková 
264 1 |a Košice  |c 2023 
300 |a 60 s. 
100 1 |a Šároššyová, Milada 
700 1 |a Freňáková, Magdaléna, 1981- 
710 2 |a Podnikovohospodárska fakulta EU so sídlom v Košiciach. Katedra ekonómie